000 00541nam a2200205Ia 4500
003 GCL
008 140319s9999 xx 000 0 eng d
040 _aGCL /
_cGCL
082 0 4 _a644.50
_bS M
100 1 _aSAMIA ABDENNOUR
245 1 0 _aMIDDLE EASTERN COOKING: A PRACTICAL GUIDE /
_cSAMIA ABDENNOUR
260 _a[S.N] :
_bTHE AMERICAN UNIVERSITY IN CAIRO PRESS ،
_c1997
300 _a131 P
650 0 4 _aCOOKING
650 0 4 _aCOOK - BOOK
650 0 4 _aLEBANESE COOKERY
650 0 4 _aFOOD
650 0 4 _aCOOKERY
942 _2ddc
_cBK
999 _c14409
_d14409